Etiqueta de registo: 00000nkm 2200025 450
001 2267722
003 http://id.bnportugal.gov.pt/bib/catbnp/2267722
100 ## $a20260216f198- m y0pory01030103ba
101 0# $apor
102 ## $aPT
200 1# $aConserva os recursos$bVisual gráfico]$fEscola Portuguesa de Pesca
210 #9 $a[Lisboa]$cEscola Portuguesa de Pesca,$d[198-?]
215 ## $a1 cartaz$ccolor.$d21x33 cm
306 ## $aDatação atribuída em conformidade com as características formais do documento
317 ## $aColeção Madeira Luís
675 ## $a766(=1:469)"198"(084.5)$vBN$zpor$31302430
710 01 $aEscola Portuguesa de Pesca$31985848
801 #0 $aPT$bBN$gRPC
966 ## $lBN$mICONOG$sCT. 6058 P.$x3
971 ## $cCaticonografia6$d20260216
995 ## $aPRR2026 $d20260216$iCaticonografia6
Etiqueta de registo: 00000nkm 2200025 450
001 2279637
003 http://id.bnportugal.gov.pt/bib/catbnp/2279637
100 ## $a20260312f19901999m y0pory01030103ba
101 0# $apor
102 ## $aPT
200 1# $aCurso de Segpescas, FORPESCAS$bVisual gráfico]$fFORPESCAS$gdesign Alves da Silva
210 #9 $a[S.l.]$cFORPESCAS,$d[entre 1990 e 1999]$ePorto :$gGrafislab)
215 ## $a1 cartaz$ccolor.$d68x48,1 cm
306 ## $aDatação atribuída em conformidade com as designações institucionais
317 ## $aColeção Madeira Luís
702 #1 $91$aSilva,$bAlves da$3179339
710 02 $aForpescas$3129985
712 01 $aPortugal.$bInstituto do Emprego e Formação Profissional$329156
712 01 $aEscola Portuguesa de Pesca$31985848
801 #0 $aPT$bBN$gRPC
966 ## $lBN$mICONOG$sCT. 24339 A.$x3
971 ## $cCaticonografia5$d20260312
995 ## $aPRR2026
Etiqueta de registo: 00000nkm 2200025 450
001 2279542
003 http://id.bnportugal.gov.pt/bib/catbnp/2279542
100 ## $a20260312f19901999m y0pory01030103ba
101 0# $apor
102 ## $aPT
200 1# $aCurso de Técnico de Gestão-Pescas, Ao Abrigo da Lei da Aprendizagem, FORPESCAS$bVisual gráfico]$fFORPESCAS$gdesign Alves da Silva
210 #9 $a[S.l.]$cFORPESCAS,$d[entre 1990 e 1999]$ePorto :$gGrafislab)
215 ## $a1 cartaz$ccolor.$d68x48,1 cm
306 ## $aDatação atribuída em conformidade com as designações institucionais
317 ## $aColeção Madeira Luís
702 #1 $91$aSilva,$bAlves da$3179339
710 02 $aForpescas$3129985
712 01 $aPortugal.$bInstituto do Emprego e Formação Profissional$329156
712 01 $aEscola Portuguesa de Pesca$31985848
801 #0 $aPT$bBN$gRPC
966 ## $lBN$mICONOG$sCT. 24332 A.$x3
971 ## $cCaticonografia5$d20260312
995 ## $aPRR2026
Etiqueta de registo: 00000nkm 2200025 450
001 2282538
003 http://id.bnportugal.gov.pt/bib/catbnp/2282538
100 ## $a20260321f19851995m y0pory01030103ba
101 0# $apor
102 ## $aPT
200 1# $aForpescas, curso técnico de aquacultura, jovens dos 16 aos 21 anos$bVisual gráfico]$fEscola Portuguesa de Pesca, Instituto do Emprego e Formação Profissional
210 #9 $a[S.l.]$cEscola Portuguesa de Pesca,$d[entre 1985 e 1995]$ePorto :$gGrafislab)
215 ## $a1 cartaz$ccolor.$d61x43 cm
306 ## $aDatação em conformidade com as características formais do documento
317 ## $aColeção Madeira Luís
710 01 $aEscola Portuguesa de Pesca$31985848
711 01 $aPortugal.$bInstituto do Emprego e Formação Profissional$329156
801 #0 $aPT$bBN$gRPC
966 ## $lBN$mICONOG$sCT. 25729 A.$x3
971 ## $cCaticonografia6$d20260321
995 ## $aPRR2026